000 00344nam a2200133Ia 4500
008 231129s1979||||xx |||||||||||||| ||spa||
040 _bspa
082 _aCo863 L181c
100 _aLaguado Arturo
245 0 _aLa cola de la osa mayor : retrato de Catalina
260 _c1979
264 _aInstituto Colombiano de Cultura
942 _2ddc
_cBKS
999 _c16674
_d16674